000 00477nam a22002177a 4500
003 UA-OsUOA
001 36101
007 ta
008 20060118b un ||||| |||| 00| 0 ukr d
100 _aЖурович А.
090 _a004
942 _cSA
040 _aUA-OsUOA
_brus
_cUA-OsUOA
_dUA-OsUOA
245 _aАська по-русски
300 _aС.70-72
955 _a4
041 _arus
080 _a004
773 0 _w36092
_tЧип
_dК.
_d2006
_g1
650 7 _2UDC
999 _c322368
_d322368